[Event "It (open)"]
[Site "masterchessopen.com - Krakow (Poland)"]
[Date "2006.05.06"]
[Round "8"]
[White "Hasinski Krystian (POL)"]
[Black "Tomsia Kamil (POL)"]
[Result "0-1"]
[WhiteElo "2069"]
[BlackElo "1980"]

1.d4 f5 2.g3 Nf6 3.Bg2 g6 4.Nf3 Bg7 5.c4 d6 6.Nc3 O-O 7.O-O Nc6 8.d5 Ne5
9.Nxe5 dxe5 10.b4 e4 11.Qb3 h6 12.Bb2 g5 13.Nb5 a6 14.Nd4 Qe8 15.Rac1 Qh5
16.c5 Kh8 17.Rfd1 f4 18.Ne6 Bxe6 19.dxe6 fxg3 20.Qxg3 Qxe2 21.Bxf6 Rxf6 22.Re1
Qb2 23.Bxe4 Raf8 24.f3 Rf4 25.Bxb7 Bd4+ 26.Kh1 Qxb4 27.Bd5 Bxc5 28.Re5 Bd6
29.Rxg5 hxg5 30.Qxg5 Rh4 31.f4 Rxh2+ {#R} 0-1

[Event "Ch Croatia (team) (3rd league)"]
[Site "masterchessopen.com - Croatia"]
[Date "2006.05.07"]
[Round "5"]
[White "Pavlinic Darko (CRO)"]
[Black "Vajic Hrvoje (CRO)"]
[Result "0-1"]
[WhiteElo "2041"]
[BlackElo "2058"]

1.Nf3 f5 2.c4 Nf6 3.g3 g6 4.Bg2 Bg7 5.d4 O-O 6.O-O d6 7.Nc3 Nc6 8.d5 Ne5
9.Nxe5 dxe5 10.Be3 f4 11.Bd2 g5 12.Ne4 Nxe4 13.Bxe4 g4 14.Qc2 Rf6 15.Bxh7+ Kh8
16.Bg6 Qd6 17.Be4 Rh6 18.Kg2 Bd7 19.c5 Qf6 20.Rad1 Rf8 21.gxf4 Qh4 22.Rh1 exf4
23.Bc3 Qh3+ 24.Kg1 f3 25.Bxg7+ Kxg7 26.Qc3+ Rff6 27.exf3 gxf3 {#R} 0-1

[Event "It (open)"]
[Site "masterchessopen.com - Triesen (Liechtenstein)"]
[Date "2006.05.24"]
[Round "6"]
[White "Mikavica Mirko (SRB)"]
[Black "Grunberg Sergiu-Florin (ROM)"]
[Result "0-1"]
[WhiteElo "2243"]
[BlackElo "2300"]

1.d4 f5 2.c4 Nf6 3.Nc3 g6 4.Nf3 Bg7 5.g3 O-O 6.Bg2 d6 7.O-O Nc6 8.d5 Na5 9.Nd2
c5 10.Rb1 e5 11.a3 b6 12.b4 Nb7 13.Nb3 Bd7 14.bxc5 Nxc5 15.Nxc5 bxc5 16.e4 f4
17.gxf4 Nh5 18.f5 Nf4 19.Bxf4 exf4 20.Ne2 Be5 21.Kh1 gxf5 22.Qd3 Rf6 23.exf5
Rh6 24.Bf3 Qh4 25.Rg1+ Kf7 26.Rg2 Rg8 27.Rbg1 Rg5 28.Qb1 Qh3 29.Qb7 Ke7 30.f6+
Bxf6 31.Re1 Be5 {#R} 0-1

[Event "It (open) (a)"]
[Site "masterchessopen.com - Torino (Italy)"]
[Date "2006.05.29"]
[Round "9"]
[White "Perez Aleman Pedro Tomas (ESP)"]
[Black "Pfuetzner Julian (GER)"]
[Result "1-0"]
[WhiteElo "2180"]
[BlackElo "2215"]

1.Nf3 f5 2.c4 Nf6 3.g3 g6 4.Bg2 Bg7 5.d4 O-O 6.O-O d6 7.Nc3 Nc6 8.d5 Ne5 9.Qb3
Nfd7 10.Be3 c5 11.dxc6 bxc6 12.c5+ d5 13.Nxd5 Rb8 14.Nb4+ Kh8 15.Qa4 Qc7
16.Nxe5 Nxe5 17.Bf4 g5 18.Bxg5 Ng6 19.Rab1 f4 20.Nxc6 f3 21.Bxf3 Rxf3 22.exf3
Bd7 23.Qxa7 {#r} 1-0

[Event "Ch Belgium (open)"]
[Site "masterchessopen.com - Namur (Belgium)"]
[Date "2006.07.01"]
[Round "1"]
[White "Charlier Benoot"]
[Black "Thirion Marcel (BEL)"]
[Result "0-1"]
[WhiteElo "1687"]
[BlackElo "2171"]

1.d4 f5 2.c4 Nf6 3.Nf3 g6 4.g3 Bg7 5.Bg2 O-O 6.O-O d6 7.Nc3 Nc6 8.Bf4 h6 9.Bc1
e5 10.dxe5 dxe5 11.Qc2 e4 12.Rd1 Qe7 13.Nd4 Nxd4 14.Rxd4 Be6 15.Nd1 Ng4 16.Rd2
Qc5 17.h3 Ne5 18.Ne3 Nc6 19.a3 a5 20.Rb1 Nd4 21.Qd1 a4 22.Nc2 Nb3 {#R} 0-1

[Event "It (open)"]
[Site "masterchessopen.com - Nachod (Czech Republic)"]
[Date "2006.07.04"]
[Round "4"]
[White "Zdenek Petr (CZE)"]
[Black "Neubauer Vilem (CZE)"]
[Result "0-1"]
[WhiteElo "2177"]
[BlackElo "2037"]

1.c4 g6 2.Nc3 Bg7 3.d4 f5 4.g3 Nf6 5.Bg2 O-O 6.Nf3 d6 7.O-O Nc6 8.d5 Ne5
9.Nxe5 dxe5 10.Qb3 Kh8 11.c5 e4 12.Rd1 Nd7 13.Na4 Ne5 14.f3 exf3 15.exf3 Rb8
16.Be3 b5 17.cxb6 cxb6 18.h3 Bb7 19.Nc3 h6 20.f4 Nd7 21.d6 Bxg2 22.Kxg2 exd6
23.Rxd6 Qe7 24.Rc6 Qf7 25.Re1 Nc5 26.Bxc5 bxc5 27.Qc2 Qb7 28.Kf1 {#R} 0-1

[Event "Ch Greece (team)"]
[Site "masterchessopen.com - Ermioni (Greece)"]
[Date "2006.07.06"]
[Round "4"]
[White "Foukakis Theodoros (GRE)"]
[Black "Klokas Konstantinos (GRE)"]
[Result "0-1"]
[WhiteElo "2198"]
[BlackElo "2231"]

1.Nf3 f5 2.c4 Nf6 3.Nc3 g6 4.g3 Bg7 5.Bg2 O-O 6.O-O d6 7.d4 Nc6 8.d5 Na5 9.Qd3
e5 10.Nd2 c5 11.a3 b6 12.b4 Nb7 13.Nb3 Bd7 14.Rb1 Rb8 15.Bd2 Qe7 16.bxc5 dxc5
17.a4 Nd6 18.Nb5 Nfe4 19.Nxd6 Nxd6 20.a5 f4 21.e4 fxe3 22.fxe3 e4 23.Qc2 Bg4
24.axb6 axb6 25.Bc3 Bh6 26.Nd2 Bxe3+ 27.Kh1 Bxd2 28.Bxd2 e3 29.Rbe1 Rxf1+
30.Bxf1 exd2 31.Qxd2 Qf6 {#R} 0-1

[Event "Tournament (juniors)"]
[Site "masterchessopen.com - Lublin (Poland)"]
[Date "2006.07.12"]
[Round "6"]
[White "Scibior Adam (POL)"]
[Black "Tomsia Kamil (POL)"]
[Result "1-0"]
[WhiteElo "2020"]
[BlackElo "1980"]

1.Nf3 f5 2.c4 g6 3.g3 Bg7 4.Bg2 Nf6 5.Nc3 d6 6.d4 O-O 7.O-O Nc6 8.Qc2 e5
9.dxe5 dxe5 10.Rd1 Qe7 11.Nd5 Qf7 12.Ng5 Qe8 13.Nxc7 Qe7 14.Nxa8 h6 15.Nf3 Be6
16.Nh4 Bf7 17.Bxc6 bxc6 18.b3 Rxa8 19.Bb2 c5 20.Qd3 Ne4 21.Qd7 Qg5 22.Nf3 Qh5
23.Bxe5 Re8 24.Bxg7 Kxg7 25.Qc7 {#r} 1-0

[Event "It (a)"]
[Site "masterchessopen.com - Anapa (Russia)"]
[Round "0"]
[White "Kononenko Alexander (UKR)"]
[Black "Pudovkin Dmitry (RUS)"]
[Result "0-1"]
[WhiteElo "2366"]
[BlackElo "2308"]

1.d4 f5 2.c4 Nf6 3.Nc3 g6 4.g3 Bg7 5.Bg2 O-O 6.Nf3 d6 7.O-O Nc6 8.d5 Na5 9.Nd2
c5 10.a3 b6 11.Qc2 Rb8 12.b4 Nb7 13.Bb2 cxb4 14.axb4 a5 15.bxa5 Nxa5 16.Nb5
Bd7 17.Nd4 Rc8 18.Qd3 Qe8 19.Rab1 Nb7 20.Ba3 Nc5 21.Bxc5 bxc5 22.Ne6 Bxe6
23.dxe6 Rc7 24.e4 fxe4 25.Nxe4 Ng4 26.Qe2 Ne5 27.Nc3 Nf3+ 28.Bxf3 Bxc3 29.Rb3
Bd4 30.h4 Rf5 31.Kg2 Kg7 32.Bd5 {#R} 0-1

[Event "NRW Klasse 2 2006/07"]
[Site "masterchessopen.com - Germany"]
[Date "2006.09.17"]
[Round "1"]
[White "Gruettemeier Uwe (GER)"]
[Black "Liley Uwe (GER)"]
[Result "1-0"]
[WhiteElo "2155"]
[BlackElo "1969"]

1.d4 f5 2.Nf3 Nf6 3.g3 g6 4.Bg2 Bg7 5.c4 d6 6.O-O O-O 7.Nc3 Nc6 8.d5 Ne5
9.Nxe5 dxe5 10.c5 h6 11.Qb3 Kh7 12.Rd1 g5 13.Bd2 a6 14.Rac1 Qe8 15.Na4 Qh5
16.Ba5 f4 17.f3 Bh3 18.g4 Nxg4 19.fxg4 Bxg4 20.Bf3 Bxf3 21.Qxf3 g4 22.Qe4+ Rf5
23.Be1 Rg8 24.Rc3 Bf6 25.d6 exd6 26.cxd6 c6 27.d7 Bd8 28.Rd6 g3 29.hxg3 b5
30.Rcxc6 {#r} 1-0

[Event "Ch Czech Republic (1/2 final)"]
[Site "masterchessopen.com - Havlickuv Brod (Czech Republic)"]
[Date "2006.09.23"]
[Round "1"]
[White "Horak Jiri (CZE)"]
[Black "Kucera Petr 88 (CZE)"]
[Result "1-0"]
[WhiteElo "2073"]
[BlackElo "2158"]

1.d4 f5 2.c4 Nf6 3.Nc3 g6 4.g3 Bg7 5.Bg2 O-O 6.Nf3 d6 7.O-O Nc6 8.d5 Na5 9.Qd3
e5 10.dxe6 Bxe6 11.b3 Nc6 12.Ba3 Nd7 13.Rad1 a5 14.Nb5 Nde5 15.Qd2 Nxf3+
16.Bxf3 Qc8 17.c5 dxc5 18.Bxc5 Rd8 19.Qf4 Be5 20.Qe3 Bf6 21.Nxc7 Qxc7 22.Qxe6+
Qf7 23.Qxf7+ Kxf7 24.Bb6 Rxd1 25.Rxd1 Ne5 26.Bxb7 {#r} 1-0

[Event "Ch Vojvodina (team) (quality league)"]
[Site "masterchessopen.com - Sremska Mitrovica (Serbia)"]
[Date "2006.09.23"]
[Round "2"]
[White "Horvat Stevica (SRB)"]
[Black "Skoko Milan (SRB)"]
[Result "0-1"]
[WhiteElo "2091"]
[BlackElo "2248"]

1.d4 f5 2.c4 Nf6 3.Nc3 g6 4.g3 Bg7 5.Bg2 O-O 6.Nf3 d6 7.O-O Nc6 8.d5 Na5 9.Qd3
c5 10.Bf4 a6 11.Rfe1 Ne4 12.Ng5 Bxc3 13.bxc3 e5 14.dxe6 Nxg5 15.e7 Qxe7
16.Bxd6 Qd8 17.Bxf8 Qxf8 18.h4 Nf7 19.Bd5 Kg7 20.f4 Nd6 21.Red1 Ra7 22.h5 b5
23.cxb5 axb5 24.hxg6 hxg6 25.Kh1 Bb7 26.Bxb7 Ndxb7 27.Qd7+ Qf7 28.Rab1 {#R}
0-1

[Event "Ch Finland (team) 2006/07"]
[Site "masterchessopen.com - Finland"]
[Date "2006.10.21"]
[Round "3"]
[White "Salminen Jussi (FIN)"]
[Black "Prieur Eetu (FIN)"]
[Result "0-1"]
[WhiteElo "2044"]
[BlackElo "2163"]

1.Nf3 f5 2.c4 Nf6 3.g3 Nc6 4.d4 d6 5.Nc3 g6 6.Bg2 Bg7 7.O-O O-O 8.Qc2 e5
9.dxe5 Nxe5 10.Nxe5 dxe5 11.Rd1 Qe7 12.e4 c6 13.exf5 gxf5 14.b3 f4 15.Ne4 Bg4
16.f3 Nxe4 17.fxg4 Qc5+ {#R} 0-1

[Event "Ch Great Britain (active)"]
[Site "masterchessopen.com - Halifax (England)"]
[Date "2006.11.04"]
[Round "4"]
[White "Hebden Mark (ENG)"]
[Black "Khandelwal Ankush (ENG)"]
[Result "1-0"]
[WhiteElo "2545"]
[BlackElo "2082"]

1.d4 f5 2.g3 Nf6 3.Bg2 g6 4.Nf3 Bg7 5.O-O O-O 6.c4 d6 7.Nc3 Nc6 8.d5 Ne5
9.Nxe5 dxe5 10.Qb3 h6 11.Rd1 g5 12.c5 Kh8 13.Bd2 f4 14.Rac1 Qe8 15.Ne4 Qh5
16.Nxf6 Bxf6 17.Bc3 g4 18.d6 f3 19.d7 fxg2 20.d8=Q {#r} 1-0

[Event "Tournament (team) \"]
[Site "masterchessopen.com - Warsaw (Poland)"]
[Date "2006.11.05"]
[Round "2"]
[White "Maszkiewicz Wlodzimierz (POL)"]
[Black "Sliwinski Marcin (POL)"]
[Result "0-1"]
[WhiteElo "1577"]
[BlackElo "2102"]

1.c4 f5 2.Nf3 Nf6 3.Nc3 g6 4.g3 Bg7 5.Bg2 O-O 6.d4 d6 7.O-O Nc6 8.e3 e5 9.d5
Ne7 10.Re1 h6 11.Rb1 g5 12.Ne2 Ng6 13.Qc2 Qe8 14.Bd2 g4 15.Nh4 Nxh4 16.gxh4
Qh5 17.Ng3 Qxh4 18.Nxf5 Bxf5 19.Qxf5 Nh7 20.Qe6+ Kh8 21.Re2 Ng5 22.Qg6 Rf6
23.Qd3 Nf3+ 24.Bxf3 gxf3 25.Kh1 fxe2 26.Qxe2 Rxf2 {#R} 0-1

[Event "Czech League 2006/07 (2nd) (b)"]
[Site "masterchessopen.com - Czech Republic"]
[Round "0"]
[White "Misicko Jan (CZE)"]
[Black "Papay Jindrich (CZE)"]
[Result "0-1"]
[WhiteElo "2103"]
[BlackElo "2033"]

1.c4 f5 2.d4 Nf6 3.Nc3 g6 4.g3 Bg7 5.Bg2 d6 6.Nf3 O-O 7.O-O Nc6 8.d5 Ne5
9.Nxe5 dxe5 10.e4 f4 11.f3 fxg3 12.hxg3 Nh5 13.Ne2 c6 14.Be3 Qc7 15.Rc1 c5
16.a3 a5 17.b4 axb4 18.axb4 cxb4 19.Qb3 Ra3 20.Qxb4 Rxe3 21.Rf2 Bh6 22.Rd1 Qd6
23.c5 Qa6 24.d6 exd6 25.cxd6 Bd7 26.Qd2 Kg7 27.f4 Qb6 28.Bf3 Rxf3 {#R} 0-1

[Event "Czech League 2006/07 (2nd) (b)"]
[Site "masterchessopen.com - Czech Republic"]
[Round "0"]
[White "Vanko Jiri (CZE)"]
[Black "Contos Vaclav (CZE)"]
[Result "0-1"]
[WhiteElo "2169"]
[BlackElo "2070"]

1.c4 f5 2.d4 Nf6 3.g3 g6 4.Bg2 Bg7 5.Nc3 O-O 6.Nf3 d6 7.O-O Nc6 8.d5 Ne5 9.Nd2
g5 10.f4 gxf4 11.gxf4 Ng6 12.Nf3 c5 13.Qe1 e5 14.dxe6 Bxe6 15.Ng5 Bxc4 16.b3
Bf7 17.Nxf7 Rxf7 18.Nd5 Nxd5 19.Bxd5 Bxa1 20.e4 Qf6 21.e5 dxe5 22.fxe5 Bxe5
23.Qe2 Rd8 24.Qc4 Rxd5 25.Qxd5 Qd6 26.Qg2 Qd4+ 27.Rf2 Qg4 28.Re2 Bd4+ 29.Kh1
Qxg2+ 30.Kxg2 Re7 31.Rc2 Re4 {#R} 0-1

[Event "It (open)"]
[Site "masterchessopen.com - Belgrade (Yugoslavia)"]
[Date "2007.02.01"]
[Round "9"]
[White "Zivkovic Dragoslav (SRB)"]
[Black "Jakovljevic Zoran (SRB)"]
[Result "0-1"]
[WhiteElo "2086"]
[BlackElo "2101"]

1.c4 g6 2.Nc3 d6 3.g3 Bg7 4.Bg2 f5 5.d4 Nf6 6.Nf3 O-O 7.O-O Nc6 8.d5 Ne5
9.Nxe5 dxe5 10.b3 Nh5 11.Bb2 e4 12.Qc2 e5 13.Rad1 e3 14.fxe3 Qg5 15.Bc1 e4
16.Qd2 Nxg3 17.hxg3 Qxg3 18.Rf2 Be5 19.Kf1 Bd7 20.Bb2 Rae8 21.Nb5 Bxb2 22.Qxb2
f4 23.exf4 e3 24.Rf3 Rxf4 25.Nd4 Bh3 26.Bxh3 Qxh3+ {#R} 0-1

[Event "It (open) \"]
[Site "masterchessopen.com - Rybinsk (Russia)"]
[Date "2007.06.28"]
[Round "7"]
[White "Sviridov Vladislav (RUS)"]
[Black "Varjagin Alexander (RUS)"]
[Result "0-1"]
[WhiteElo "2162"]
[BlackElo "2249"]

1.d4 f5 2.g3 Nf6 3.Bg2 g6 4.Nf3 Bg7 5.O-O O-O 6.c4 d6 7.Nc3 Nc6 8.d5 Ne5
9.Nxe5 dxe5 10.e4 f4 11.Re1 g5 12.gxf4 exf4 13.h4 gxh4 14.Bxf4 Ng4 15.Be3 Qd6
16.e5 Qxe5 17.f4 Qf6 18.Qd2 h3 19.Bxh3 Nxe3 20.Qxe3 Bxh3 21.Qxh3 Qxf4 22.Rxe7
Qg5+ {#R} 0-1

[Event "Ch Sweden (seniors)"]
[Site "masterchessopen.com - Stockholm (Sweden)"]
[Date "2007.07.05"]
[Round "2"]
[White "Nystrom Ragnar (SWE)"]
[Black "Carlberg Gunnar (SWE)"]
[Result "0-1"]
[WhiteElo "2026"]
[BlackElo "2013"]

1.d4 f5 2.c4 Nf6 3.g3 g6 4.Bg2 Bg7 5.Nf3 d6 6.Nc3 O-O 7.O-O Nc6 8.Re1 h6 9.h3
e5 10.d5 Ne7 11.e4 g5 12.exf5 Bxf5 13.Bd2 Qc8 14.Kh2 g4 15.hxg4 Bxg4 16.Qc2
Nf5 17.Be3 Qe8 18.Nd2 Nxe3 19.Rxe3 h5 20.Ree1 Bh6 21.f3 Bf5 22.Qd1 Qg6 23.Bh3
Kh8 24.Ne2 Bc2 25.Qc1 Rg8 26.Bf1 h4 27.Bh3 Qd3 28.f4 exf4 29.gxf4 Ng4+ 30.Kg2
Rae8 {#R} 0-1

[Event "It \"]
[Site "masterchessopen.com - Caerleon (Wales)"]
[Date "2007.07.12"]
[Round "9"]
[White "Papier Alan (ENG)"]
[Black "Tew Paul (WLS)"]
[Result "1-0"]
[WhiteElo "1777"]
[BlackElo "2081"]

1.d4 f5 2.c4 Nf6 3.g3 g6 4.Bg2 Bg7 5.Nf3 d6 6.O-O O-O 7.Nc3 Nc6 8.Rb1 a6 9.b4
Qe8 10.d5 Ne5 11.Qb3 h6 12.Nd4 g5 13.f4 Neg4 14.h3 Ne4 15.Nxe4 Bxd4+ 16.e3
Nxe3 17.Bxe3 Bxe3+ 18.Qxe3 fxe4 19.fxg5 Bf5 20.gxh6 Kh7 21.Rxf5 {#r} 1-0

[Event "It (open) \"]
[Site "masterchessopen.com - Berlin (Germany)"]
[Date "2007.07.20"]
[Round "6"]
[White "Bukowski Henryk (GER)"]
[Black "Welz Peter Dr (GER)"]
[Result "1-0"]
[WhiteElo "2177"]
[BlackElo "2139"]

1.d4 f5 2.Nf3 Nf6 3.g3 g6 4.Bg2 Bg7 5.O-O O-O 6.c4 d6 7.Nc3 Nc6 8.d5 Ne5
9.Nxe5 dxe5 10.Qb3 h6 11.Be3 g5 12.Rad1 Kh8 13.Bc5 Rg8 14.Ba3 a6 15.c5 Qe8
16.Rd2 Qh5 17.d6 exd6 18.cxd6 cxd6 19.Nd5 Nxd5 20.Bxd5 Rd8 21.Bf7 Qh3 22.Rfd1
f4 23.Bxd6 Bg4 24.Bg6 Rd7 25.Bxe5 Bxe5 26.Rxd7 Be6 27.Qxb7 Rf8 28.Rh7+ {#r}
1-0

[Event "It (open)"]
[Site "masterchessopen.com - Creon (France)"]
[Date "2007.08.02"]
[Round "5"]
[White "Severens Lars (NED)"]
[Black "Gourg Jacques (FRA)"]
[Result "1-0"]
[WhiteElo "2149"]
[BlackElo "1981"]

1.d4 f5 2.c4 Nf6 3.Nc3 g6 4.g3 Bg7 5.Bg2 O-O 6.Nf3 d6 7.O-O Nc6 8.Qc2 e5
9.dxe5 dxe5 10.Rd1 Qe7 11.e4 h6 12.h3 Kh7 13.Be3 Nb4 14.Qb3 Nxe4 15.Nxe4 fxe4
16.Nd2 Be6 17.Nxe4 Na6 18.Qxb7 Bxc4 19.Rac1 Qe6 20.Nc5 Nxc5 21.Bxc5 Rab8
22.Qe4 Ba6 23.Bxf8 Bb7 24.Qxb7 Rxb7 25.Bxb7 Bxf8 26.Rxc7+ Kg8 27.Bd5 {#r} 1-0

[Event "It (open) \"]
[Site "masterchessopen.com - Tromsoe (Norway)"]
[Date "2007.08.04"]
[Round "1"]
[White "Brodsky Michail (UKR)"]
[Black "Edvardsen Ingar (NOR)"]
[Result "1-0"]
[WhiteElo "2597"]
[BlackElo "1941"]

1.Nf3 f5 2.g3 Nf6 3.Bg2 g6 4.O-O Bg7 5.c4 O-O 6.Nc3 d6 7.d4 Nc6 8.d5 Ne5
9.Nxe5 dxe5 10.c5 Kh8 11.e4 Qe8 12.exf5 Bxf5 13.Qe2 Ng8 14.Be3 a6 15.Rad1 Rd8
16.h3 h6 17.c6 b5 18.a4 b4 19.Ne4 Bxe4 20.Bxe4 a5 21.Bg2 g5 22.Rc1 Qg6 23.Rc5
Ra8 24.Rb5 Nf6 25.Bc5 Ne8 26.Bxe7 Rf7 27.Be4 {#r} 1-0

[Event "It (open) \"]
[Site "masterchessopen.com - Tromsoe (Norway)"]
[Date "2007.08.07"]
[Round "4"]
[White "Thingstad Even (NOR)"]
[Black "Mikalsen Erlend (NOR)"]
[Result "1-0"]
[WhiteElo "1915"]
[BlackElo "2053"]

1.d4 f5 2.g3 Nf6 3.Bg2 g6 4.Nf3 Bg7 5.O-O d6 6.c4 O-O 7.Nc3 Nc6 8.d5 Ne5
9.Nxe5 dxe5 10.c5 e4 11.Qb3 Kh8 12.Rd1 b6 13.Bf4 bxc5 14.Qa3 Nh5 15.Be3 f4
16.Bxc5 f3 17.Bf1 Rf7 18.Nxe4 Bg4 19.Ng5 Rf5 20.exf3 Rxg5 21.Bxe7 Qb8 22.Bxg5
Bxb2 23.Qe3 Bxf3 24.Qxf3 Qb4 25.d6 {#r} 1-0

[Event "It (open)"]
[Site "masterchessopen.com - Ceska Trebova (Czech Republic)"]
[Date "2007.08.13"]
[Round "5"]
[White "Cerveny Martin (CZE)"]
[Black "Bylino Oleg (UKR)"]
[Result "0-1"]
[WhiteElo "2291"]
[BlackElo "2203"]

1.d4 d6 2.Nf3 f5 3.g3 Nf6 4.Bg2 g6 5.O-O Bg7 6.c4 O-O 7.Nc3 Nc6 8.d5 Na5 9.Qa4
c5 10.dxc6 Nxc6 11.Rd1 Bd7 12.c5 dxc5 13.Qc4+ Kh8 14.Ng5 Qe8 15.Nd5 Rc8 16.Qh4
h6 17.Nh3 Ng8 18.Nc3 b6 19.Qc4 Nd4 20.e3 Bc6 21.Bxc6 Nxc6 22.Nf4 Ne5 23.Qd5
Rd8 24.Qe6 Rxd1+ 25.Nxd1 g5 26.Ne2 Qh5 27.Ndc3 Nf3+ 28.Kg2 g4 29.h4 gxh3+
30.Kh1 Ng5 31.Qc6 Ne4 {#R} 0-1

[Event "It \"]
[Site "masterchessopen.com - Peterhof (Russia)"]
[Date "2007.08.14"]
[Round "3"]
[White "Bets Anatolij (MDA)"]
[Black "Pogosian Vladimir (ARM)"]
[Result "0-1"]
[WhiteElo "2346"]
[BlackElo "2255"]

1.d4 f5 2.g3 Nf6 3.Bg2 g6 4.Nf3 Bg7 5.O-O O-O 6.c4 d6 7.Nc3 Nc6 8.d5 Ne5
9.Nxe5 dxe5 10.e4 f4 11.gxf4 exf4 12.e5 Ng4 13.e6 Ne5 14.Qb3 f3 15.Bh3 g5
16.Re1 Qe8 17.Nb5 Qh5 18.Bf1 Ng4 19.h3 Nxf2 {#R} 0-1

[Event "Cup Cheliabinsk Chess Federation"]
[Site "masterchessopen.com - Cheliabinsk (Russia)"]
[Date "2007.09.11"]
[Round "9"]
[White "Bezgodova-Filichkina Svetlana (RUS)"]
[Black "Sevastyanov Michail (RUS)"]
[Result "1-0"]
[WhiteElo "2238"]
[BlackElo "2168"]

1.Nf3 f5 2.g3 g6 3.Bg2 Bg7 4.d4 Nf6 5.O-O O-O 6.c4 d6 7.Nc3 Nc6 8.d5 Ne5
9.Nxe5 dxe5 10.Qb3 e6 11.Be3 exd5 12.cxd5 Kh8 13.Rfd1 Ne8 14.Rac1 Nd6 15.Nb5
Rf7 16.f4 a6 17.Nxc7 exf4 18.Ne6 Qe7 19.Bxf4 Ne8 20.Ng5 Rf6 21.d6 Qd7 22.Rc7
Nxc7 23.dxc7 Qe7 24.Rd8+ Bf8 25.Qc3 Kg8 26.Bd5+ Kg7 27.Be5 Kh6 28.Bxf6 {#r}
1-0

[Event "Ch Croatia (team) (1st league)"]
[Site "masterchessopen.com - Sibenik (Croatia)"]
[Date "2007.09.27"]
[Round "3"]
[White "Erdos Viktor (HUN)"]
[Black "Bogut Zeljko (BIH)"]
[Result "1-0"]
[WhiteElo "2551"]
[BlackElo "2458"]

{ Erdos Viktor (HUN) +0 =1 -0 Bogut Zeljko (BIH) +1 =0 -2 } 1.d4 f5 2.c4 Nf6
3.g3 g6 4.Bg2 Bg7 5.Nf3 d6 6.O-O O-O 7.Nc3 Nc6 8.d5 Ne5 9.Nxe5 dxe5 10.Qb3 {
?/= } 10...h6 11.Rd1 Kh8 12.c5 g5 13.Bd2 a6 { +1.07 CAP } 14.Qa3 { N } (
14.Na4 Qe8 ( 14...e6 15.d6 c6 16.Nb6 Rb8 17.Nxc8 Qxc8 18.Ba5 e4 19.f3 exf3
20.exf3 Qd7 21.Re1 Nd5 22.Rad1 Rbe8 23.Re2 Rf7 24.Qc4 f4 25.Rde1 Ne3 26.Qe4
Rf5 27.gxf4 gxf4 28.Bd2 Rxc5 29.Qxf4 Nc2 30.Rc1 Nd4 31.Ree1 Rxc1 32.Bxc1 e5
33.Qh4 Qxd6 { ...0-1, Harstad Christian 2078 - Nordahl Helge 2374 , Oslo 27.
3.2005 It (open) } ) 15.Ba5 f4 16.Bxc7 Ng4 17.Nb6 Qh5 18.h3 fxg3 19.fxg3 Nf2
20.g4 Qh4 21.Rf1 h5 22.Qe3 hxg4 23.Rxf2 Rxf2 24.Qxf2 g3 25.Qe3 Bxh3 26.Nxa8
Bxg2 27.Kxg2 Qh2+ 28.Kf3 g2 29.Rg1 g4+ 30.Kxg4 Kg8 31.Qf2 Qh6 32.Rxg2 e4
33.Qh4 { 1-0, Novikov Igor A 2611 - Agouridis Aris 2117 , Korinthos 2000 It
(open) } ) ( 14.Be1 Qe8 ( 14...Rb8 15.Rac1 b5 16.Qb4 Bb7 17.a4 bxa4 18.Qxa4 e4
19.Qc4 Ng4 20.Bd2 Bc8 21.Na4 Qe8 22.Bc3 e5 23.e3 Qh5 24.h3 Nxf2 25.Kxf2 f4
26.exf4 gxf4 27.Qxe4 fxg3+ 28.Kg1 Rf4 29.Qe3 Bxh3 30.Rd2 Rbf8 31.Qxg3 Rg4
32.Qh2 Rf3 33.d6 cxd6 { ...1-0, Goldenberg Igor 2358 - Ali Mosaddeque 2029 ,
Tuggeranong 29.12.2006 It (open) } ) 15.d6 c6 16.Na4 Rb8 17.Nb6 e6 18.e4 Bd7
19.Bc3 Nxe4 20.Bxe4 fxe4 21.Re1 Rf3 22.Qc2 Qf7 23.Rxe4 Rf8 24.Rf1 Be8 25.Bxe5
Qf5 26.Bxg7+ Kxg7 27.Re2 Rd3 28.Re3 Rxe3 29.Qxf5 Rxg3+ 30.fxg3 exf5 31.Re1 Bh5
32.Re7+ Kg6 33.Rxb7 f4 { ...1-0, Farago Ivan 2520 - Danner Georg 2415 , Passau
1995 It (open) } ) ( 14.Rac1 Rb8 ( 14...Qe8 15.Na4 f4 16.Ba5 fxg3 17.hxg3 Qf7
18.Rf1 Qh5 19.f3 Bh3 20.g4 Bxg4 21.fxg4 Qxg4 22.Bxc7 Nh5 23.Qh3 Qxe2 24.Nc3
Qxb2 25.Qxh5 Rxf1+ 26.Rxf1 Qxc3 27.Kh1 Qxc5 28.Bxe5 Bxe5 29.Qxh6+ Kg8 30.Qe6+
{ 1-0, Stanke Juergen 2334 - Kopylov Mihail 2445 , Hamburg 4. 1.2005 It
(cat.4) } ) 15.Na4 Qe8 16.Bb4 a5 17.Bxa5 Ra8 18.Qb4 f4 19.d6 fxg3 20.fxg3 Ng4
21.dxe7 Qxe7 22.c6 Qe8 23.cxb7 Bxb7 24.Qxg4 Rxa5 25.Bxb7 Rxa4 26.Qd7 Rd4
27.Qxe8 Rxe8 28.a4 e4 29.a5 Red8 30.Rxd4 Bxd4+ 31.Kg2 Rf8 32.Rc4 c5 33.a6 Rf2+
{ ...1-0, Popov Valerij 2579 - Polivanov Anatoliy 2425 , St. Petersburg 2002
Memorial M.Chigorin (open) } ) ( 14.a4 Qe8 15.Be1 Qh5 16.d6 exd6 17.cxd6 cxd6
18.Rxd6 f4 19.Rad1 fxg3 20.hxg3 Ng4 21.Nd5 Qh2+ 22.Kf1 Nxf2 23.Bxf2 Bh3 24.Nf4
Qh1+ 25.Bg1 Qxg2+ 26.Ke1 gxf4 { 0-1, Fabris Alberto 2219 - Ziglio Roberto,
Padova 1991 Tournament } ) 14...Rb8 15.Rac1 { N } ( 15.Be1 e4 16.Rac1 Qe8
17.d6 exd6 18.cxd6 cxd6 19.Qxd6 Be6 20.b3 Rf7 21.Qb6 Rd7 22.Rxd7 Nxd7 23.Qe3
Ne5 24.Na4 { 1/2-1/2, Ibragimov Ildar 2585 - Fernandez John C 2163 ,
Parsippany 14. 2.2004 Ch Amateur Team East } ) 15...Qe8 16.Be1 Bd7 17.Qa5 Qd8
18.c6 Bc8 19.cxb7 Bxb7 20.Na4 Ne8 { ?! } ( 20...e4 { !? } 21.Nc5 Bxd5 22.Ne6
Bxe6 23.Rxd8 Rfxd8 24.b3 Nd5 25.Qxa6 Bf7 26.Ba5 Ra8 { } ) 21.Nc5 Bc8 22.Ne6
Bxe6 23.dxe6 Qc8 24.Rd7 Rb5 25.Qa3 Bf6 26.Bc6 Rb6 27.Ba5 Rb8 28.Ba4 e4 29.Rxe7
Bxe7 30.Qxe7 Kg8 31.Rd1 Rf6 32.Rd7 { } {#r} 1-0

[Event "Ch Hungary (team) 2007/08"]
[Site "masterchessopen.com - Hungary"]
[Date "2007.10.14"]
[Round "1"]
[White "Anka Emil (HUN)"]
[Black "Karacsony Attila (HUN)"]
[Result "1-0"]
[WhiteElo "2407"]
[BlackElo "2309"]

1.d4 f5 2.Nf3 g6 3.c4 Nf6 4.g3 Bg7 5.Bg2 O-O 6.Nc3 d6 7.O-O Nc6 8.d5 Ne5
9.Nxe5 dxe5 10.Qb3 h6 11.c5 Kh8 12.a4 a6 13.a5 g5 14.Ra4 Qe8 15.Rb4 Qh5
16.Rxb7 Bxb7 17.Qxb7 Rfc8 18.Qc6 Qf7 19.Rd1 e4 20.f3 exf3 21.exf3 f4 22.gxf4
gxf4 23.Bh3 Rf8 24.Kh1 Qh5 25.Bg2 Qh4 26.Bd2 Ng4 27.fxg4 f3 28.Bf1 Be5
29.Qxh6+ {#r} 1-0

[Event "It (open)"]
[Site "masterchessopen.com - Arco (Italy)"]
[Date "2007.10.20"]
[Round "1"]
[White "Marini Lucio (ITA)"]
[Black "Tocco Paolo (ITA)"]
[Result "0-1"]
[WhiteElo "1860"]
[BlackElo "2159"]

1.d4 f5 2.g3 Nf6 3.Bg2 g6 4.Nf3 Bg7 5.O-O O-O 6.c4 d6 7.Nc3 Nc6 8.Rb1 e5
9.dxe5 dxe5 10.Qxd8 Rxd8 11.Bg5 Be6 12.b3 e4 13.Ne1 h6 14.Bxf6 Bxf6 15.Nb5
Rac8 16.g4 a6 17.Na3 Rd2 18.gxf5 Bxf5 19.e3 Nb4 20.c5 Rxa2 21.Nc4 Rd8 22.Bh1
Rd5 23.Ng2 Rxc5 {#R} 0-1